WWE Intercontinental Champions - Statistics

General Stats
  • This quiz has been taken 14,300 times
    6,968 since last reset
  • The average score is 40 of 87
Answer Stats
# Last Wrestler % Correct
8 2018 The Miz
87%
2 2018 Seth Rollins
84%
5 2002 Triple H
83%
3 2018 Dean Ambrose
81%
3 1995 Shawn Michaels
81%
9 2009 Chris Jericho
79%
1 2017 Roman Reigns
79%
2 1997 The Rock
79%
1 2003 Randy Orton
78%
1 2002 Kane
76%
2 1997 Stone Cold Steve Austin
75%
5 2004 Edge
74%
6 2018 Dolph Ziggler
73%
2 2009 Rey Mysterio
72%
4 2007 Jeff Hardy
71%
1 2012 Big Show
70%
2 1992 Bret Hart
70%
4 2012 Kofi Kingston
68%
4 2012 Christian
67%
2 2012 Cody Rhodes
65%
2 1997 Owen Hart
64%
1 2005 Ric Flair
64%
1 2015 Daniel Bryan
62%
2 1989 The Ultimate Warrior
62%
1 1986 Randy Savage
60%
4 2002 Chris Benoit
59%
1 2009 CM Punk
59%
2 2002 Eddie Guerrero
59%
2 2016 Kevin Owens
58%
2 2019 Bobby Lashley
57%
1 2019 Shinsuke Nakamura
57%
1 2000 Kurt Angle
56%
1 1994 Diesel
53%
6 2006 Rob Van Dam
53%
2 2019 Finn Bálor
52%
1 2009 John Bradshaw Layfield
50%
1 2009 Drew McIntyre
49%
1 2013 Wade Barrett
48%
2 2000` Chyna
46%
3 1999 Goldust
45%
4 1995 Razor Ramon
45%
1 1979 Pat Patterson
43%
1 2016 Zack Ryder
43%
1 2003 Booker T
41%
1 1987 The Honky Tonk Man
41%
3 2009 John Morrison
40%
1 2014 Luke Harper
40%
1 1987 Ricky Steamboat
40%
2 2007 Umaga
40%
2 1990 Mr. Perfect
39%
1 2015 Ryback
39%
3 2006 Shelton Benjamin
39%
5 2015 Bad News Barrett
38%
2 2008 Santino Marella
38%
1 2000 Billy Gunn
37%
1 1992 Roddy Piper
36%
6 1999 Jeff Jarrett
34%
1 2005 Carlito
33%
1 1999 Road Dogg
32%
2 2008 William Regal
32%
1 2002 William Regal
32%
1 2000 Rikishi
31%
1 2001 Test
31%
1 1992 The British Bulldog
31%
1 2001 Albert
30%
1 2013 Big E Langston
30%
1 1989 Rick Rude
30%
1 2013 Curtis Axel
29%
1 1998 Ken Shamrock
27%
2 1983 Pedro Morales
27%
1 1999 D'Lo Brown
26%
2 1985 Tito Santana
25%
2 2000 Val Venis
25%
1 2011 Ezekiel Jackson
24%
1 1999 The Godfather
24%
1 1993 Marty Jannetty
21%
1 1984 Greg Valentine
20%
1 1992 The Mountie
18%
2 1983 Don Muraco
17%
1 1990 The Texas Tornado
17%
1 2001 Lance Storm
16%
1 1996 Ahmed Johnson
14%
1 1996 Marc Mero
14%
1 1995 Dean Douglas
13%
2 2006 Johnny Nitro
13%
1 1980 Ken Patera
12%
1 1997 Rocky Maivia
7%
No matching quizzes found
Score Distribution
Percent of People with Each Score
Percentile by Number Answered
Your Score History
You have not taken this quiz since the last reset